000 00682nam a2200217 a 4500
999 _c8974
_d8974
001 8974
003 BD-JhCC
005 20180306115850.0
008 180306s2003 bg a|||| ||a| 000 0 ben d
035 _a(BD-JhCC) 8974
040 _aBD-JhCC
_dBD-JhCC
041 _aben
082 _a363.6
_bDAS 2003
100 _a দাস, বাসুদেব কুমার
245 _aপরিবেশ : রাসায়নিক গঠন ও দূষণ /
_cবাসুদেব কুমার দাস
260 _aঢাকা :
_bবাংলা একাডেমী,
_c2003.
300 _a322 p. :
_c22 cm.
650 _aPollution
942 _2ddc
_cBK